1748 1749 1727 1539 1861 2000 1511 1033 1835 1167 1425 1178 1308 1863 1186 1574 1561 1258 1073 1173 1987 1336 1253 1744 1157 1877 1472 1439 1564 1671 1287 1685 1568 1136 1739 1575 1483 1224 1280 1824 1879 1019 1755 1130 1762 1069 1046 1897 1697 1255 1343 1162 1740 1561 1353 1458 1085 1582 1937 1160 1514 1747 1985 1173 1678 1118 1258 1846 1666 1018 1793 1251 1954 1719 1546 1589 1108 1620 1981 1775 1222 1678 1172 1478 1932 1859 1972 1602 1945 1816 1200 1551 1741 1401 1964 1378 1068 1666 1581 BCNSPRNW ULIB Ver.6.0+V

เปลี่ยนเป็นภาษาไทย

Change to English
 แสดงรายละเอียดบรรณานุกรม
  กลับหน้าหลัก

Brief Record : Get Marc (ISO 2709) : E-mail record : QR code < ปิดหน้าต่าง
LEADER : 00000nam 2200000uu 4500
001    13399126892
003     ULIB
008    190827s2561||||th 000 0 tha d
020    ^a9789990137491
060    ^aWB141^bผ819ก
100    ^aเผ่า อนันจิ๋ว
245    ^aการประเมินภาวะสุขภาพและการวินิจฉัยแยกโรคเบื้องต้น
250    ^aพิมพ์ครั้งที่ 1
260    ^aกรุงเทพฯ :^bนีโอดิจิตอล,^c2561
300    ^a142 หน้า^bภาพประกอบ, ตาราง, ภาคผนวก
650    ^aสุขภาพ^xการประเมิน
650    ^aสุขภาพ^xการวินิจฉัยโรค
945    ^p250^l0^i27522
945    ^p250^l0^i27521
945    ^p250^l0^i27520
945    ^p250^l0^i27517
945    ^p250^l0^i27516
945    ^p250^l0^i27525
945    ^p250^l0^i27519
945    ^p250^l0^i27518
945    ^p250^l0^i27524
945    ^p250^l0^i27523
999    ^aกัณชพร จุลอักษร
รายการนี้ยังไม่มีแท็ก
คุณยังไม่ได้ล็อกอิน คุณสามารถมีกิจกรรมร่วมกับเว็บไซต์ได้ แต่ต้องล็อกอินก่อน ::
  ล็อกอิน

รายการสื่อสารสนเทศ

ลำดับที่ ประเภท เลขเรียก/บาร์โค้ด สถานที่ สถานะ
1. หนังสือสำรอง
หนังสือสำรอง
WB141 ผ819ก ฉ.1 
  Barcode: 27516
ห้องสมุดวิทยาเขตนครสวรรค์
►หนังสือทั่วไป:l:General Books
บนชั้น
2. วิทยาศาสตร์การแพทย์ และสุขภาพ
วิทยาศาสตร์การแพทย์ และสุขภาพ
WB141 ผ819ก ฉ.10 
  Barcode: 27525
ห้องสมุดวิทยาเขตนครสวรรค์
►หนังสือทั่วไป:l:General Books
บนชั้น
3. วิทยาศาสตร์การแพทย์ และสุขภาพ
วิทยาศาสตร์การแพทย์ และสุขภาพ
WB141 ผ819ก ฉ.2 
  Barcode: 27517
ห้องสมุดวิทยาเขตนครสวรรค์
►หนังสือทั่วไป:l:General Books
บนชั้น
4. วิทยาศาสตร์การแพทย์ และสุขภาพ
วิทยาศาสตร์การแพทย์ และสุขภาพ
WB141 ผ819ก ฉ.3 
  Barcode: 27518
ห้องสมุดวิทยาเขตนครสวรรค์
►หนังสือทั่วไป:l:General Books
บนชั้น
5. วิทยาศาสตร์การแพทย์ และสุขภาพ
วิทยาศาสตร์การแพทย์ และสุขภาพ
WB141 ผ819ก ฉ.4 
  Barcode: 27519
ห้องสมุดวิทยาเขตนครสวรรค์
►หนังสือทั่วไป:l:General Books
บนชั้น
6. วิทยาศาสตร์การแพทย์ และสุขภาพ
วิทยาศาสตร์การแพทย์ และสุขภาพ
WB141 ผ819ก ฉ.5 
  Barcode: 27520
ห้องสมุดวิทยาเขตนครสวรรค์
►หนังสือทั่วไป:l:General Books
บนชั้น
7. วิทยาศาสตร์การแพทย์ และสุขภาพ
วิทยาศาสตร์การแพทย์ และสุขภาพ
WB141 ผ819ก ฉ.6 
  Barcode: 27521
ห้องสมุดวิทยาเขตนครสวรรค์
►หนังสือทั่วไป:l:General Books
บนชั้น
8. วิทยาศาสตร์การแพทย์ และสุขภาพ
วิทยาศาสตร์การแพทย์ และสุขภาพ
WB141 ผ819ก ฉ.7 
  Barcode: 27522
ห้องสมุดวิทยาเขตนครสวรรค์
►หนังสือทั่วไป:l:General Books
บนชั้น
9. วิทยาศาสตร์การแพทย์ และสุขภาพ
วิทยาศาสตร์การแพทย์ และสุขภาพ
WB141 ผ819ก ฉ.8 
  Barcode: 27523
ห้องสมุดวิทยาเขตนครสวรรค์
►หนังสือทั่วไป:l:General Books
บนชั้น
10. วิทยาศาสตร์การแพทย์ และสุขภาพ
วิทยาศาสตร์การแพทย์ และสุขภาพ
WB141 ผ819ก ฉ.9 
  Barcode: 27524
ห้องสมุดวิทยาเขตนครสวรรค์
►หนังสือทั่วไป:l:General Books
บนชั้น

รายการใกล้เคียง
    ชื่อเรื่อง [การประเมินภาวะสุขภาพและการวินิจฉัยแยกโรคเบื้องต้น]

    ผู้แต่ง [เผ่า อนันจิ๋ว]

    หัวเรื่อง [สุขภาพ การประเมิน]

BibComment


ยังไม่เคยถูกคอมเมนท์

คอมเมนท์ทรัพยากรรายการนี้
  คอมเมนท์: การประเมินภาวะสุ..


 Copyright 2026. Bcnsprnw @Library